000 00555nam a2200193Ia 4500
005 20260114185613.0
008 008 260114s9999 xx 000 0 eng d
020 _a9781350985988
037 _aEBOOK
040 _aCRL
_beng
_cCRL
041 _aeng
_2eng
084 _qCRL
100 _aStuart Flinders
_9872114
245 0 _aCult of a Dark Hero Nicholson of Delhi
260 _bBloomsbury
_c2018
856 _uhttps://doi.org/10.5040/9781350985988?locatt=label:secondary_bloomsburyCollections
942 _cEBOOK
999 _c1471062
_d1471062